Non-Local partial differential equations for engineering and biology : mathematical modeling and analysis

Αποθηκεύτηκε σε:
Λεπτομέρειες βιβλιογραφικής εγγραφής
Κύριοι συγγραφείς: Καβαλλάρης, Νίκος Ι., Suzuki, Takashi 1953- (Συγγραφέας)
Μορφή: Βιβλίο
Γλώσσα:English
Δημοσίευση: Cham : Springer, c2018.
Σειρά:Mathematics for industry (Springer (Firm)) ; v. 31
Θέματα:
Ετικέτες: Προσθήκη ετικέτας
Δεν υπάρχουν, Καταχωρήστε ετικέτα πρώτοι!

MARC

LEADER 00000cam a2200000 a 4500
001 1/120143
008 191017t2018####sz | ||| |||| ||eng||
020 |a 9783319679426 
040 |a GR-MyUa  |b gre  |c GR-MyUa  |e AACR2 
041 0 |a eng 
082 7 |a 515.353   |2 (23) 
100 1 |a Καβαλλάρης, Νίκος Ι. 
245 1 0 |a Non-Local partial differential equations for engineering and biology :   |b mathematical modeling and analysis /   |c Nikos I. Kavallaris, Takashi Suzuki.  
260 |a Cham :   |b Springer,   |c c2018.  
300 |a xix, 300 σ. :   |b σχέδια ;   |c 24 εκ.  
490 1 |a (Mathematics for industry ;   |v v. 31)  
504 |a Περιέχει βιβλιογραφικές αναφορές και ευρετήριο.  
650 0 |a Differential equations, Partial. 
700 1 |a Suzuki, Takashi  |d 1953-  |e aut 
830 0 |a Mathematics for industry (Springer (Firm))  |v  ; v. 31 
852 |a INST  |b SAMOS  |e 20191017  |h 515.353 ΚΑΒ  |p 005300046179  |q 005300046179  |t BK  |y 0 
922 |a 3ΕΛΗ  |b 201812  |c Τμήμα Μαθηματικών/Μεταπτυχιακό  |d BookPath 
970 |a Κοσιέρης  |b Χρήστος  |z 17/10/2019